000 01148nam0a2200349 4500
001 RU\NLR\bibl\253912
005 20250620123804.0
010 _a5-86765-193-2
_910000
021 _aRU
_b2001-41384
_91967
035 _a(NLR Aleph) 000249698
090 _a1456774
_c1456774
100 _a20020212d2001 |||y0rusy50 ca
101 0 _arus
102 _aRU
105 _ay |||||||||
200 1 _aБлюда из картофеля
_f[Сост. Л. С. Богатеева, Н. Т. Михайлова]
210 _aЧебоксары
_cЧувашия
_d2001
215 _a28 с.
_d19
225 1 _aПриятного аппетита
606 0 _aКартофель
_xКулинария
_91269447
_3RU\NLR\auth\66522221
606 0 _aКартофельные блюда
_xРецептура
_92084903
_3RU\NLR\auth\661261001
675 _a641.83:635.21(083.12)
_v3
_zrus
686 _a36.992
_2rubbk
686 _aЛ992.111
702 1 _aБогатеева
_bЛ. С.
_4220
801 0 _aRU
_bRKP
_c20020212
_gPSBO
801 1 _aRU
_bRKP
_c20020212
801 2 _aRU
_bNLR
_c20020524
_grcr
942 _cBOOK
980 _aNB
980 _aNBR